30 villes les plus peuplées d'Île-de-France - carte avec emplacements - Statistiques

Statistiques générales
  • Ce quiz a été pris 19 fois
  • Le résultat moyen est 20 sur 30
Réponses sur la Carte
Les réponses sont colorées sur une échelle allant du rouge au vert en fonction du pourcentage des utilisateurs qui les ont devinées à leur premier essai. Vous pouvez retrouver ces pourcentages ci-dessous.
 
Statistiques - réponses
Ville Pop. en milliers % Correct
Paris 2.175
100%
Neuilly-sur-Seine 59,9
89%
Saint-Denis 112
89%
Aubervilliers 87,5
84%
Créteil 92,2
84%
Levallois-Perret 65,8
84%
Nanterre 96,8
84%
Boulogne-Billancourt 121
79%
Cergy 66,3
79%
Évry-Courcouronnes 67,1
79%
Colombes 86
74%
Montreuil 109
74%
Asnières-sur-Seine 85,9
68%
Clichy 62,4
68%
Issy-les-Moulineaux 68,2
68%
Pantin 59
68%
Versailles 85,2
68%
Argenteuil 110
58%
Ivry-sur-Seine 63,3
58%
Rueil-Malmaison 77,9
58%
Sarcelles 58,8
58%
Antony 62,8
53%
Aulnay-sous-Bois 86,2
53%
Champigny-sur-Marne 77
53%
Courbevoie 84,9
53%
Noisy-le-Grand 68,1
53%
Vitry-sur-Seine 94,6
53%
Drancy 72,1
47%
Le Blanc-Mesnil 57,1
47%
Saint-Maur-des-Fossés 75,2
42%
Aucun quiz correspondant
Distribution des résultats
% des personnes avec chaque résultat
Percentile par nombre de réponses
Votre historique - résultats
Vous n’avez pas pris ce quiz